Văn phạm Anh ngữ thực hành = A practical Englíh grammar
সংরক্ষণ করুন:
| প্রধান লেখক: | |
|---|---|
| বিন্যাস: | গ্রন্থ |
| ভাষা: | Undetermined |
| প্রকাশিত: |
Thành phố Hồ Chí Minh
Trẻ
1995
|
| বিষয়গুলি: | |
| ট্যাগগুলো: |
ট্যাগ যুক্ত করুন
কোনো ট্যাগ নেই, প্রথমজন হিসাবে ট্যাগ করুন!
|
| Thư viện lưu trữ: | Trung tâm Học liệu Trường Đại học Cần Thơ |
|---|
| LEADER | 00581nam a2200205Ia 4500 | ||
|---|---|---|---|
| 001 | CTU_279 | ||
| 008 | 210402s9999 xx 000 0 und d | ||
| 082 | |a 425 | ||
| 082 | |b T482 | ||
| 100 | |a Thomson, A. J. | ||
| 245 | 0 | |a Văn phạm Anh ngữ thực hành = | |
| 245 | 2 | |b A practical Englíh grammar | |
| 245 | 0 | |c A. J. Thomson, A. V. Martinet | |
| 260 | |a Thành phố Hồ Chí Minh | ||
| 260 | |b Trẻ | ||
| 260 | |c 1995 | ||
| 650 | |a English language | ||
| 650 | |x Grammar | ||
| 904 | |i Qhieu swar | ||
| 980 | |a Trung tâm Học liệu Trường Đại học Cần Thơ | ||